000 00446 a2200157 4500
005 20260417144429.0
008 260417b |||||||| |||| 00| 0 eng d
020 _a9788126451005
080 _aFM
_bANA/A
100 _aAnand
245 _aAanandinte novellakal(ആനന്ദിൻെറ നോവെല്ലകൾ)
260 _bD C books
_aKottayam
_c2024
300 _a488p.
653 _aFiction-Novel-Malayalam Literature
942 _cBK
999 _c115310
_d115309